Giao dịch thương mại Hoa - Anh - Việt

Đã lưu trong:
Bibliografiske detaljer
Hovedforfatter: Trần Kiết Hùng
Format: Bog
Sprog:Undetermined
Udgivet: Tp. HCM Trẻ 1995
Fag:
Tags: Tilføj Tag
Ingen Tags, Vær først til at tagge denne postø!
Thư viện lưu trữ: Trung tâm Học liệu Trường Đại học Cần Thơ
LEADER 00532nam a2200193Ia 4500
001 CTU_53422
008 210402s9999 xx 000 0 und d
020 |b 22000 
082 |a 495.1 
082 |b H513 
100 |a Trần Kiết Hùng 
245 0 |a Giao dịch thương mại Hoa - Anh - Việt 
245 0 |c Trần Kiết Hùng 
260 |a Tp. HCM 
260 |b Trẻ 
260 |c 1995 
650 |a chinese language 
650 |x study and teaching 
980 |a Trung tâm Học liệu Trường Đại học Cần Thơ